000 00687nam a2200181 4500
999 _c606
_d606
001 849
005 20190801102057.0
008 190801b ||||| |||| 00| 0 eng d
090 0 0 _a243.3 D699p1999
100 0 0 _aDorji, Sangay.
245 0 0 _aདཔལ༌ལྡན༌འབྲུག༌པ༌རིན༌པོ༌ཆེ༌ཞབས༌དྲུང༌ངག༌དབང༌རྣམ༌རྒྱལ༌གྱི༌རྣམ༌ཐར།
_cSangay Dorji.
246 _a[Biography of Zhadrung Ngawang Namgyel].
260 0 0 _aThimphu :
_bKMT Publisher,
_c1999.
300 0 0 _a399 p. : col. ill.
500 0 0 _aIn Dzongkha.
600 _aNag-dban-rnam-rgyal, Zabs-drun Rinpoche.
942 _2ddc
_cDZONGKHA